000 00203 a2200097 4500
001 13556
100 _aShinwell E
245 _aThe labour story
260 _aLondon
_bMacdonald
_c
090 _c10559
_d10559
942 _aNUST-CAE
_cM
_c624
999 _c248629
_d248629